| 000 | 01592nam a2200313 a 4500 | ||
|---|---|---|---|
| 001 | 1616977 | ||
| 003 | CO-ViMGA | ||
| 005 | 20230915233606.0 | ||
| 008 | 190412s2018 ck grd 00010 spa d | ||
| 020 | _a9789586113700 | ||
| 040 |
_aCO-ViMGA _bspa _cCO-ViMGA |
||
| 043 | _as-ck--- | ||
| 082 | 0 | 4 |
_aR467.9861 _bD42 _221 |
| 110 |
_aInstituto Caro y Cuervo _913797 |
||
| 245 | 0 | 0 | _aDiccionario de colombianismos. |
| 260 |
_aBogota :̀ _bInstituto Caro y Cuervo, _c2018. |
||
| 300 |
_a540 paginas ; _c24 cm. |
||
| 490 | _aPlan Nacional de Lectura y Escritura Leer es mi Cuento | ||
| 500 | _aEdición especial Colección de actualización bibliográfica para la Red de Bibliotecas Públicas del Ministerio de Cultura, Plan Nacional de Lectura y Escritura Leer es mi Cuento 2018 | ||
| 504 | _aIncluye referencias bibliograficas (paginas 529-540) | ||
| 520 | _aEl diccionario de colombianismos reúne voces propias del español de todas las regiones. Se caracterizan por ser un diccionario actual, con un vocabulario de uso frecuente, cotidiano, tan rico y variado como el país mismo. Con esta nueva expedición al patrimonio léxico colombiano, hemos querido contribuir al registro del español usado en Colombia...tomada de la contraportada del libro | ||
| 650 | 1 | 4 |
_aColombianismos _v Diccionarios. _913802 |
| 650 | 1 | 4 |
_aEspañol _x Provincialismos _z Colombia _v Diccionarios. _913798 |
| 650 | 1 | 4 |
_aGentilicios _zColombia _vapéndices _913800 |
| 650 | 1 | 4 |
_aLingüística _95384 |
| 650 | 1 | 4 |
_aOrtografía _vapéndices _913801 |
| 650 | 1 | 4 |
_aSiglas _vapéndices _913799 |
| 942 |
_2ddc _cREF |
||
| 999 |
_c11909 _d11909 |
||